| 000 | 03134cam0 2200421 ib4500 | ||
|---|---|---|---|
| 001 | BY-MI0013-br4503146 | ||
| 005 | 20260115093015.0 | ||
| 010 | ^bв переплете | ||
| 035 | ^a(BY-MI0013)BY-MI0013-br4503146 | ||
| 100 | ^a20260115g19561958a y0rusy50 ca | ||
| 101 | 1 |
^arus ^ceng |
|
| 102 | ^aRU | ||
| 105 | ^aacb z 000ay | ||
| 109 | ^ama | ||
| 200 | 1 |
^aБелая перчатка ^aВ дебрях Борнео ^aВ поисках белого бизона ^fперевод с английского М. П. Богословской, Г. С. Еременко, Т. Н. Балабан ^gредакторы И. А. Желобовский, Н. А. Дехтерева |
|
| 210 | ^d1958 | ||
| 215 |
^a828, [3] с. ^cил. ^d21 см |
||
| 345 | ^9300 000 экз. | ||
| 461 | 1 |
^12001 ^aСобрание сочинений ^eв 6-ти т. ^fМайн Рид ^gпод общей редакцией Р. М. Самарина ^vТ. 5 ^1010 ^bв переплете ^1210 ^aМосква ^cГосударственное издательство детской литературы Министерства просвещения РСФСР ^d1956—1958 ^1215 ^d21 см |
|
| 606 |
^aРОМАНЫ ^3BY-NLB-ar2652541 ^2DVNLB |
||
| 608 |
^aДЕТСКАЯ И ЮНОШЕСКАЯ ЛИТЕРАТУРА (художеств. произведение) ^3BY-NLB-ar9019 ^2BYGNR |
||
| 608 |
^aПРИКЛЮЧЕНЧЕСКАЯ ПРОЗА (лит. произведение) ^3BY-NLB-ar25522 ^2BYGNR |
||
| 686 |
^a84(4Вел) ^2rubbk |
||
| 690 |
^a1 ^2Base ^9BY-MI0013 ^xRSEK |
||
| 700 | 1 |
^aРид ^bТ. М. ^gТомас Майн ^cписатель ^f1818—1883 ^3BY-NLB-ar2487898 |
|
| 702 | 1 |
^aЖелобовский ^bИ. А. ^gИгнатий Александрович ^3BY-SEK-ar2022642 ^4340 |
|
| 702 | 1 |
^aЕременко ^bГ. С. ^3BY-SEK-ar9268745 ^4730 |
|
| 702 | 1 |
^aДехтерева ^bН. А. ^gНина Александровна ^cпереводчик ^f1906—1994 ^3BY-SEK-ar9032765 ^4340 |
|
| 702 | 1 |
^aБалабан ^bТ. Н. ^3BY-SEK-ar13917844 ^4730 |
|
| 702 | 1 |
^aБогословская ^bМ. П. ^gМария Павловна ^f1902―1974 ^3BY-SEK-ar6533505 ^4730 |
|
| 702 | 1 |
^aСамарин ^bР. М. ^gРоман Михайлович ^cдоктор филологических наук ^f1911—1974 ^3BY-SEK-1499087 ^4340 |
|
| 801 | 0 |
^aBY ^bBY-MI0013 ^c20260115 ^gRCR |
|
| 899 | 0 |
^aBY-MI0013 ^iР49 ^h84(4Вел) |
|